000 00731nam a2200205 a 4500
999 _c20126
_d20126
005 20180322160204.0
008 171128| ck abdofr|||| 00| 0 spa d
040 _aCO-BoIAVH
_cCO-BoIAVH
041 _aspa
044 _ack
090 _aFG-
_b0269
110 2 _aColombia.
_bContraloría General del Risaralda
245 1 _aAgenda ambiental Marsella
260 _aRisaralda :
_bContraloría General del Risaralda:
_bCarder,
_c2012.
300 _a40 páginas,
_bilustraciones, mapas, gráficas, fotografías.
_c27 x 21 cm.
650 2 6 _aMedio Ambiente
_v informes
_z Colombia
650 2 6 _aInformes de gestión
650 2 6 _aReservas naturales
_zBelén de Umbría
_zColombia
942 _2z
_cFolleto